[Event "DVM U10 2015"]
[Site "Magdeburg GER"]
[Date "2015.12.27"]
[Round "1"]
[White "Kogan, Gabriel"]
[Black "Freitag, Gerrit"]
[Result "1-0"]
[Termination "normal"]
[Board "7.2"]
[WhiteElo "1132"]
[BlackElo "898"]
[WhiteTeam "SG Porz"]
[BlackTeam "Hamburger SK von 1830 3"]
[PlyCount "95"]
[WhiteFideId "16238265"]
[BlackFideId "34650148"]
[EventCountry "GER"]
[EventRounds "7"]
[EventType "team-swiss"]
[EventDate "2015.12.27"]

1. e4 e5 2. Nf3 Nc6 3. Bc4 Bc5 4. b4 Bxb4 5. c3 Bc5 6. d4 exd4 7. cxd4 Bb4+ 8.
Bd2 Bxd2+ 9. Nbxd2 d6 10. O-O Nge7 11. Ng5 d5 12. exd5 Nxd5 13. Re1+ Nce7 14.
Qf3 O-O 15. Re5 Be6 16. Qh5 h6 17. Nxe6 fxe6 18. g3 Rf5 19. Rxf5 Nxf5 20. Nb3
Qf6 21. Bxd5 exd5 22. Re1 g6 23. Qg4 h5 24. Qf4 Qd6 25. Qxd6 Nxd6 26. Re7 Rc8
27. Nc5 b6 28. Ne6 Nf5 29. Rxc7 Rxc7 30. Nxc7 Nxd4 31. Nxd5 Kf7 32. Kf1 Ke6 33.
Nc3 a5 34. a4 Kf5 35. h3 g5 36. Ke1 g4 37. h4 Ke5 38. Kd2 Nf5 39. Nb5 Nd4 40.
Nc3 Kf5 41. Kd3 Ke5 42. Kc4 Nc6 43. Kb5 Kd6 44. Kxb6 Kd7 45. Nb5 Nb4 46. Kxa5
Nd3 47. Kb6 Nxf2 48. a5 1-0

[Event "DVM U10 2015"]
[Site "Magdeburg GER"]
[Date "2015.12.27"]
[Round "1"]
[White "Mandelkow, Elias"]
[Black "Sabirov, Rafael"]
[Result "1/2-1/2"]
[Termination "normal"]
[Board "7.3"]
[WhiteElo "959"]
[BlackElo "1198"]
[WhiteTeam "Hamburger SK von 1830 3"]
[BlackTeam "SG Porz"]
[PlyCount "62"]
[WhiteFideId "16233239"]
[BlackFideId "16241185"]
[EventCountry "GER"]
[EventRounds "7"]
[EventType "team-swiss"]
[EventDate "2015.12.27"]

1. d4 d5 2. c4 e6 3. Nf3 Nc6 4. Nc3 Nf6 5. Bg5 Be7 6. e3 h6 7. Bxf6 Bxf6 8. Bd3
O-O 9. O-O Re8 10. Re1 dxc4 11. Bxc4 e5 12. Qb3 Re7 13. Nd5 Rd7 14. Nxf6+ Qxf6
15. dxe5 Nxe5 16. Nxe5 Qxe5 17. Rad1 Re7 18. Rd8+ Kh7 19. Bxf7 Qg5 20. Qd3+ Bf5
21. Qd1 Rxd8 22. Qxd8 Rxf7 23. Qb8 Be4 24. g3 a6 25. Qe8 Bd5 26. b3 Qf5 27. f4
g5 28. e4 Bc6 29. exf5 Bxe8 30. Rxe8 Rxf5 31. Re4 Ra5 1/2-1/2

[Event "DVM U10 2015"]
[Site "Magdeburg GER"]
[Date "2015.12.27"]
[Round "1"]
[White "Nanu, Andreas-Christian"]
[Black "Kort, Felix"]
[Result "1-0"]
[Termination "normal"]
[Board "7.4"]
[WhiteElo "1078"]
[BlackElo "968"]
[WhiteTeam "SG Porz"]
[BlackTeam "Hamburger SK von 1830 3"]
[PlyCount "49"]
[WhiteFideId "1240188"]
[BlackFideId "16220129"]
[EventCountry "GER"]
[EventRounds "7"]
[EventType "team-swiss"]
[EventDate "2015.12.27"]

1. d4 d5 2. c4 dxc4 3. e3 Nc6 4. Bxc4 e5 5. Nf3 exd4 6. exd4 Nf6 7. O-O Be6 8.
Re1 Be7 9. Bxe6 fxe6 10. Rxe6 Nxd4 11. Nxd4 c5 12. Qa4+ Nd7 13. Nf5 O-O 14.
Rxe7 Nb6 15. Qb3+ c4 16. Rxg7+ Kh8 17. Qc2 Rxf5 18. Rg3 Rf7 19. b3 Rc8 20. Bb2+
c3 21. Bxc3+ Rxc3 22. Nxc3 Rc7 23. Qb2 Qd4 24. Rd1 Qf4 25. Nb5+ 1-0

[Event "DVM U10 2015"]
[Site "Magdeburg GER"]
[Date "2015.12.27"]
[Round "1"]
[White "Hoffmann, Siegfried"]
[Black "Hostmann, Henning"]
[Result "1-0"]
[Termination "normal"]
[Board "8.1"]
[WhiteElo "1346"]
[BlackElo "965"]
[WhiteTeam "USC Magdeburg 1"]
[BlackTeam "USC Magdeburg 2"]
[PlyCount "64"]
[WhiteFideId "16252268"]
[BlackFideId "16255380"]
[EventCountry "GER"]
[EventRounds "7"]
[EventType "team-swiss"]
[EventDate "2015.12.27"]

1. e4 e5 2. Nf3 Nc6 3. Bc4 Bc5 4. d3 Nf6 5. Bg5 d6 6. h3 Be6 7. Bb3 h6 8. Bh4
O-O 9. c3 a6 10. g4 Re8 11. g5 hxg5 12. Bxg5 Kf8 13. Ba4 Bd7 14. Nbd2 Ne7 15.
Bxf6 gxf6 16. Bxd7 Qxd7 17. Nb3 Ng6 18. Qe2 Ke7 19. O-O-O Nf4 20. Qf1 Qe6 21.
Nh4 Kd7 22. Nf5 Rg8 23. Qe1 Nxd3+ 24. Rxd3 Rae8 25. Nxc5+ Kc8 26. Nxe6 Rxe6 27.
h4 Kb8 28. h5 Ree8 29. h6 Rh8 30. h7 Rc8 31. Rg3 Rcf8 32. Qe3 Rd8 {nicht weiter
nachvollziehbar} 1-0

[Event "DVM U10 2015"]
[Site "Magdeburg GER"]
[Date "2015.12.27"]
[Round "1"]
[White "Khanbekyan, Nare"]
[Black "Khanbekyan, Areg"]
[Result "0-1"]
[Termination "normal"]
[Board "8.2"]
[WhiteElo "698"]
[BlackElo "1154"]
[WhiteTeam "USC Magdeburg 2"]
[BlackTeam "USC Magdeburg 1"]
[PlyCount "60"]
[WhiteFideId "16270916"]
[BlackFideId "12993727"]
[EventCountry "GER"]
[EventRounds "7"]
[EventType "team-swiss"]
[EventDate "2015.12.27"]

1. e4 c5 2. Nf3 Nc6 3. Nc3 d6 4. d4 cxd4 5. Nxd4 Nf6 6. Bc4 g6 7. Bg5 Bg7 8.
O-O O-O 9. Nxc6 bxc6 10. Rb1 Bb7 11. b4 d5 12. Be2 Nxe4 13. Bd2 Bxc3 14. Be3 d4
15. Bf4 e5 16. Bg5 Qxg5 17. b5 Nd2 18. bxc6 Bxc6 19. Bf3 Bxf3 20. g3 Bxd1 21.
Rbxd1 Nxf1 22. Rxf1 Rab8 23. a3 Rb2 24. a4 Rfb8 25. a5 Rb1 26. a6 Rxf1+ 27.
Kxf1 Rb1+ 28. Kg2 f5 29. h4 Qc1 30. Kh3 Qh1# 0-1

[Event "DVM U10 2015"]
[Site "Magdeburg GER"]
[Date "2015.12.27"]
[Round "1"]
[White "Pikalow, Michael"]
[Black "Rabenstein, Jonathan"]
[Result "1-0"]
[Termination "normal"]
[Board "8.3"]
[WhiteElo "1185"]
[BlackElo "766"]
[WhiteTeam "USC Magdeburg 1"]
[BlackTeam "USC Magdeburg 2"]
[PlyCount "65"]
[WhiteFideId "16227638"]
[BlackFideId "16298462"]
[EventCountry "GER"]
[EventRounds "7"]
[EventType "team-swiss"]
[EventDate "2015.12.27"]

1. e4 e5 2. Nf3 Nc6 3. Bc4 Bc5 4. b4 Nxb4 5. Nxe5 Nh6 6. d4 d5 7. exd5 Nxd5 8.
dxc5 Be6 9. Bxh6 gxh6 10. O-O Qf6 11. Re1 O-O-O 12. c6 Nb4 13. cxb7+ Kb8 14.
Qf3 Bxc4 15. Qxf6 Nxc2 16. Nc6+ Kxb7 17. Nxd8+ Kc8 18. Qxh8 Nxe1 19. Na3 Nd3
20. Rb1 Bxa2 21. Nc6+ Kd7 22. Rd1 Kxc6 23. Rxd3 Kc5 24. Qc3+ Kb6 25. Qb2+ Kc5
26. Rc3+ Bc4 27. Rxc4+ Kd5 28. Qd2+ Ke5 29. Qf4+ Ke6 30. Qe4+ Kf6 31. Qd5 Ke7
32. Rxc7+ Kf8 33. Qxf7# 1-0

[Event "DVM U10 2015"]
[Site "Magdeburg GER"]
[Date "2015.12.27"]
[Round "1"]
[White "Möschwitzer, Luis"]
[Black "Pflugradt, Natalie"]
[Result "0-1"]
[Termination "normal"]
[Board "9.1"]
[WhiteElo "975"]
[BlackElo "1463"]
[WhiteTeam "SG Blau-Weiß Stadtilm 2"]
[BlackTeam "SG Blau-Weiß Stadtilm 1"]
[PlyCount "80"]
[BlackFideId "16212444"]
[EventCountry "GER"]
[EventRounds "7"]
[EventType "team-swiss"]
[EventDate "2015.12.27"]

1. e4 e5 2. Nf3 Nc6 3. Bc4 Bc5 4. Nc3 Nf6 5. d3 h6 6. Be3 Bb6 7. Qd2 d6 8. h3
Be6 9. Bb3 Qd7 10. O-O-O O-O-O 11. Bxb6 axb6 12. Nd5 Bxd5 13. Bxd5 Nxd5 14.
exd5 Ne7 15. c4 f5 16. Rde1 Rhe8 17. Nh2 Ng6 18. f3 Re7 19. g4 Rf8 20. gxf5
Qxf5 21. Rhg1 Nf4 22. Re4 Nxh3 23. Rg3 Ng5 24. Re1 Qf4 25. Qxf4 Rxf4 26. Kc2
Nh7 27. Reg1 g5 28. Rg4 Ref7 29. Rxf4 Rxf4 30. b4 Nf6 31. a4 Kd7 32. Kc3 c6 33.
dxc6+ Kxc6 34. b5+ Kc5 35. Rg2 d5 36. cxd5 Nxd5+ 37. Kc2 Kd6 38. Rg4 Rxg4 39.
fxg4 Nf4 40. Kc3 Kc5 0-1

[Event "DVM U10 2015"]
[Site "Magdeburg GER"]
[Date "2015.12.27"]
[Round "1"]
[White "Schmidt, Pauline"]
[Black "Kirsch, Martin"]
[Result "1-0"]
[Termination "normal"]
[Board "9.2"]
[WhiteElo "1142"]
[BlackElo "816"]
[WhiteTeam "SG Blau-Weiß Stadtilm 1"]
[BlackTeam "SG Blau-Weiß Stadtilm 2"]
[PlyCount "59"]
[WhiteFideId "16209850"]
[BlackFideId "2925630"]
[EventCountry "GER"]
[EventRounds "7"]
[EventType "team-swiss"]
[EventDate "2015.12.27"]

1. e4 e5 2. Nf3 Nc6 3. d4 f6 4. d5 Nce7 5. Nc3 b6 6. Bc4 Bb7 7. Be3 Ng6 8. h4
Nf4 9. Bxf4 exf4 10. Qd2 Bd6 11. O-O-O Qe7 12. Qd3 O-O-O 13. Ba6 Kb8 14. Bxb7
Kxb7 15. Nb5 Nh6 16. Qc4 Ng4 17. Rhf1 Rc8 18. Qa4 Ra8 19. Nxd6+ Qxd6 20. Rd3
Rhf8 21. Ra3 f5 22. Qa6+ Kb8 23. exf5 Rxf5 24. c4 Qc5 25. Kb1 Nxf2 26. Re1 Rf8
27. Ng5 h6 28. Nf7 Qd4 29. Ne5 Re8 30. Nxd7# 1-0

[Event "DVM U10 2015"]
[Site "Magdeburg GER"]
[Date "2015.12.27"]
[Round "1"]
[White "Staude, Quentin"]
[Black "Rapp, Leonard"]
[Result "1/2-1/2"]
[Termination "normal"]
[Board "9.3"]
[WhiteElo "903"]
[BlackElo "1504"]
[WhiteTeam "SG Blau-Weiß Stadtilm 2"]
[BlackTeam "SG Blau-Weiß Stadtilm 1"]
[PlyCount "44"]
[BlackFideId "16212428"]
[EventCountry "GER"]
[EventRounds "7"]
[EventType "team-swiss"]
[EventDate "2015.12.27"]

1. d4 d5 2. Bf4 Nc6 3. a3 Bf5 4. Nc3 e6 5. Nf3 Nf6 6. e3 Bd6 7. Bg3 Qd7 8. Bd3
Bg6 9. Qd2 O-O-O 10. O-O-O Rdg8 11. Ne5 Bxe5 12. Bxe5 Ne4 13. Nxe4 dxe4 14. Bb5
a6 15. Bxc6 Qxc6 16. d5 exd5 17. Qxd5 Qxd5 18. Rxd5 Rd8 19. Rhd1 Rxd5 20. Rxd5
f6 21. Bf4 Rd8 22. Rxd8+ Kxd8 1/2-1/2

[Event "DVM U10 2015"]
[Site "Magdeburg GER"]
[Date "2015.12.27"]
[Round "1"]
[White "Dembski, Max"]
[Black "Senechal, Niklas Bennett"]
[Result "0-1"]
[Termination "normal"]
[Board "10.1"]
[WhiteElo "1072"]
[BlackElo "992"]
[WhiteTeam "Stader SV"]
[BlackTeam "Lübecker SV von 1873"]
[PlyCount "68"]
[BlackFideId "16231180"]
[EventCountry "GER"]
[EventRounds "7"]
[EventType "team-swiss"]
[EventDate "2015.12.27"]

1. d4 d5 2. Bf4 Nc6 3. e3 Bf5 4. Nf3 Nf6 5. c4 e6 6. Nc3 Bb4 7. Qb3 Qd7 8. Be2
O-O 9. O-O Rfe8 10. Ne5 Qe7 11. Nxc6 bxc6 12. Bg5 Rab8 13. cxd5 cxd5 14. Bb5
Bxc3 15. Qxc3 Rxb5 16. Bxf6 gxf6 17. Rac1 Rc8 18. b3 c5 19. a4 Rbb8 20. dxc5
Qb7 21. Qxf6 Qxb3 22. Qg5+ Bg6 23. h4 h5 24. g4 Kh7 25. gxh5 Rg8 26. hxg6+ Rxg6
27. Kg2 Rxg5+ 28. hxg5 Qxa4 29. Rh1+ Kg6 30. f4 Rb2+ 31. Kg3 Qe4 32. Rhg1 Qxe3+
33. Kg4 f5+ 34. Kh4 Rh2# 0-1

[Event "DVM U10 2015"]
[Site "Magdeburg GER"]
[Date "2015.12.27"]
[Round "1"]
[White "Bornholdt, Joa Max"]
[Black "Fuchs, Thomas"]
[Result "0-1"]
[Termination "normal"]
[Board "10.2"]
[WhiteElo "1060"]
[BlackElo "948"]
[WhiteTeam "Lübecker SV von 1873"]
[BlackTeam "Stader SV"]
[PlyCount "100"]
[WhiteFideId "16253477"]
[BlackFideId "16230574"]
[EventCountry "GER"]
[EventRounds "7"]
[EventType "team-swiss"]
[EventDate "2015.12.27"]

1. e4 c5 2. Nc3 d6 3. Nf3 g6 4. d4 cxd4 5. Qxd4 Nf6 6. e5 Nc6 7. Qf4 dxe5 8.
Nxe5 Nxe5 9. Qxe5 Bg7 10. Qe3 O-O 11. Bd2 Bf5 12. Bd3 Ng4 13. Qf3 Bxd3 14. Qxd3
Qb6 15. Qb5 Bxc3 16. Qxb6 Bxd2+ 17. Kxd2 axb6 18. f3 Rfd8+ 19. Kc3 Rac8+ 20.
Kb3 Ne5 21. Rhe1 Rd5 22. f4 Nc6 23. c4 Rd3+ 24. Kc2 Nb4+ 25. Kb1 Rxc4 26. b3
Rc7 27. Kb2 Nc2 28. Rac1 Nxe1 29. Rxc7 Rd2+ 30. Ka3 Nxg2 31. Rxb7 Nxf4 32. Rxe7
Rxh2 33. Rb7 Nd5 34. Rd7 Nc3 35. Kb4 Nxa2+ 36. Kb5 g5 37. Kxb6 Kg7 38. Ra7 g4
39. Rd7 g3 40. Rd4 Kf8 41. Rg4 Rg2 42. Kc5 f5 43. Rg5 Kf7 44. Rxf5+ Kg6 45. Rf3
Kg5 46. Kd4 Kg4 47. Ke4 Rf2 48. Re3 g2 49. Re1 Rf1 50. Rxf1 gxf1=Q 0-1

[Event "DVM U10 2015"]
[Site "Magdeburg GER"]
[Date "2015.12.27"]
[Round "1"]
[White "Zöllner, Bente"]
[Black "Saage, Paul"]
[Result "0-1"]
[Termination "normal"]
[Board "10.3"]
[WhiteElo "764"]
[BlackElo "926"]
[WhiteTeam "Stader SV"]
[BlackTeam "Lübecker SV von 1873"]
[PlyCount "25"]
[WhiteFideId "16230523"]
[BlackFideId "16233891"]
[EventCountry "GER"]
[EventRounds "7"]
[EventType "team-swiss"]
[EventDate "2015.12.27"]

1. d4 d5 2. Nf3 Bf5 3. Bf4 Nc6 4. e3 Nf6 5. Bd3 e6 6. O-O Bb4 7. c3 Ba5 8. Nbd2
Bxd3 9. Re1 O-O 10. Nb3 Be4 11. Qe2 Qe7 12. Qb5 Bb6 13. Rad1 {nicht weiter
nachvollziehbar} 0-1

[Event "DVM U10 2015"]
[Site "Magdeburg GER"]
[Date "2015.12.27"]
[Round "1"]
[White "Bungarten, Jona"]
[Black "Hetzner, Hannes"]
[Result "0-1"]
[Termination "normal"]
[Board "11.1"]
[WhiteElo "1148"]
[BlackElo "1319"]
[WhiteTeam "SF Brackel 1930"]
[BlackTeam "SC Erlangen 48/88"]
[PlyCount "72"]
[WhiteFideId "16223608"]
[BlackFideId "16211936"]
[EventCountry "GER"]
[EventRounds "7"]
[EventType "team-swiss"]
[EventDate "2015.12.27"]

1. e4 e6 2. d4 d5 3. exd5 exd5 4. Nf3 Bd6 5. Nc3 Nf6 6. Bg5 c6 7. Bd3 O-O 8.
O-O h6 9. Bh4 Bg4 10. h3 Bh5 11. Be2 Bg6 12. Ne5 Bh7 13. f4 Nbd7 14. Nxd7 Qxd7
15. Bxf6 gxf6 16. Bg4 Bf5 17. Bh5 Bg6 18. f5 Bxf5 19. Qf3 Bxc2 20. Qxf6 Qe6 21.
Bxf7+ Qxf7 22. Qxd6 Qg7 23. Qe6+ Kh8 24. Rae1 Qxd4+ 25. Kh2 Qg7 26. Rf3 Rxf3
27. gxf3 Rg8 28. Qg4 Bf5 29. Qxg7+ Rxg7 30. Re8+ Kh7 31. Ra8 d4 32. Ne4 Bxe4
33. fxe4 Rd7 34. Rf8 d3 35. Rf1 d2 36. Rd1 Kg6 0-1

[Event "DVM U10 2015"]
[Site "Magdeburg GER"]
[Date "2015.12.27"]
[Round "1"]
[White "Högner, Tom"]
[Black "Zabudkin, David"]
[Result "1-0"]
[Termination "normal"]
[Board "11.2"]
[WhiteElo "1258"]
[BlackElo "947"]
[WhiteTeam "SC Erlangen 48/88"]
[BlackTeam "SF Brackel 1930"]
[PlyCount "105"]
[WhiteFideId "12995436"]
[BlackFideId "34605975"]
[EventCountry "GER"]
[EventRounds "7"]
[EventType "team-swiss"]
[EventDate "2015.12.27"]

1. e4 e5 2. Nf3 Nf6 3. Nxe5 d6 4. Nf3 Qe7 5. d3 d5 6. Nc3 dxe4 7. dxe4 Nxe4 8.
Nxe4 Qxe4+ 9. Be2 Bg4 10. O-O Be7 11. Re1 Bxf3 12. Bxf3 Qg6 13. Bxb7 O-O 14.
Rxe7 Nc6 15. Bxc6 Qxc6 16. Bf4 Rad8 17. Rxc7 Rxd1+ 18. Rxd1 Qf6 19. Be3 Rd8 20.
Rcd7 Rxd7 21. Rxd7 h6 22. c3 Qf5 23. Rd1 Qc2 24. Rc1 Qxb2 25. c4 Qxa2 26. c5
Qa6 27. c6 Qc8 28. Bxa7 g5 29. c7 Kg7 30. Bb6 f5 31. Rd1 Qa6 32. h3 g4 33. Rd8
g3 34. Rd1 gxf2+ 35. Bxf2 Qc6 36. Bg3 Qc2 37. Rd8 Qc1+ 38. Kh2 f4 39. c8=Q
fxg3+ 40. Kxg3 Qg5+ 41. Qg4 Kf7 42. Qxg5 hxg5 43. Kg4 Ke7 44. Rg8 Ke6 45. Rxg5
Kf6 46. h4 Ke6 47. h5 Kf6 48. h6 Ke6 49. h7 Kf6 50. h8=Q+ Ke6 51. Qh6+ Kf7 52.
Rg7+ Kf8 53. Qh8# 1-0

[Event "DVM U10 2015"]
[Site "Magdeburg GER"]
[Date "2015.12.27"]
[Round "1"]
[White "Strobel, Luis"]
[Black "Deitsche, Alexej"]
[Result "1-0"]
[Termination "normal"]
[Board "11.4"]
[WhiteElo "875"]
[BlackElo "800"]
[WhiteTeam "SC Erlangen 48/88"]
[BlackTeam "SF Brackel 1930"]
[PlyCount "112"]
[BlackFideId "34634053"]
[EventCountry "GER"]
[EventRounds "7"]
[EventType "team-swiss"]
[EventDate "2015.12.27"]

1. e4 e5 2. Nf3 Nc6 3. Nc3 Nf6 4. Bc4 Bc5 5. d3 Ng4 6. O-O Bxf2+ 7. Rxf2 Nxf2
8. Kxf2 d6 9. Bg5 f6 10. Bh4 Bg4 11. h3 Bxf3 12. Qxf3 Nd4 13. Qg3 Nxc2 14. Qxg7
Rf8 15. Rf1 Nb4 16. Ke2 Qe7 17. Qxe7+ Kxe7 18. Nd5+ Nxd5 19. Bxd5 Rab8 20. Rf5
c6 21. Bc4 d5 22. exd5 cxd5 23. Bxd5 Rbc8 24. Rh5 Rh8 25. Rh6 Rc2+ 26. Ke3 Rxb2
27. Bxf6+ Kd6 28. Bxh8+ Kxd5 29. Rh5 Rxg2 30. Rxe5+ Kc6 31. Re6+ Kc5 32. Bd4+
Kb5 33. Re7 Rg3+ 34. Kd2 Rxh3 35. Rxb7+ Ka4 36. Bxa7 Rh2+ 37. Kc3 Rxa2 38. Rxh7
Ra3+ 39. Kc4 Ka5 40. Bc5 Ra4+ 41. Kc3 Kb5 42. Bf8 Kc6 43. d4 Kd5 44. Rd7+ Ke6
45. Rd6+ Kf7 46. Rd8 Ra7 47. Kc4 Rc7+ 48. Bc5 Ke6 49. d5+ Ke5 50. d6 Rb7 51.
Bd4+ Ke6 52. Kc5 Rd7 53. Rxd7 Kxd7 54. Kd5 Kd8 55. Kc6 Kc8 56. Bb6 Kb8 1-0

[Event "DVM U10 2015"]
[Site "Magdeburg GER"]
[Date "2015.12.27"]
[Round "1"]
[White "Schlie, Johann"]
[Black "Braun, Erik"]
[Result "0-1"]
[Termination "normal"]
[Board "12.1"]
[WhiteElo "1204"]
[BlackElo "991"]
[WhiteTeam "Hagener SV"]
[BlackTeam "Peiner SV"]
[PlyCount "38"]
[WhiteFideId "16211596"]
[EventCountry "GER"]
[EventRounds "7"]
[EventType "team-swiss"]
[EventDate "2015.12.27"]

1. d4 d5 2. Nc3 Nf6 3. Bf4 Nc6 4. Nb5 e5 5. Bxe5 Nxe5 6. dxe5 Ng4 7. Nf3 Bc5 8.
e3 O-O 9. b3 Nh6 10. Nc3 c6 11. Na4 Be7 12. c4 Be6 13. Qc2 Qc7 14. Bd3 dxc4 15.
Bxc4 Bxc4 16. Qxc4 b5 17. Qe4 bxa4 18. Qxa4 Qb6 19. O-O Qb5 0-1

[Event "DVM U10 2015"]
[Site "Magdeburg GER"]
[Date "2015.12.27"]
[Round "1"]
[White "Willberg, Marek"]
[Black "Lindner, Ben"]
[Result "1-0"]
[Termination "normal"]
[Board "13.1"]
[WhiteElo "900"]
[BlackElo "1133"]
[WhiteTeam "BSG Grün-Weiß Leipzig 2"]
[BlackTeam "BSG Grün-Weiß Leipzig 1"]
[PlyCount "29"]
[WhiteFideId "16224027"]
[BlackFideId "16214552"]
[EventCountry "GER"]
[EventRounds "7"]
[EventType "team-swiss"]
[EventDate "2015.12.27"]

1. e4 e5 2. Nf3 Nc6 3. Bc4 Bc5 4. Nc3 Nf6 5. d3 d6 6. Bg5 h6 7. Bh4 g5 8. Bg3
Be6 9. Bb3 Qd7 10. O-O g4 11. Nd2 a5 12. Ba4 Qe7 13. Nd5 (13. Ne2) 13... Nxd5
14. exd5 Bxd5 15. d4 1-0

[Event "DVM U10 2015"]
[Site "Magdeburg GER"]
[Date "2015.12.27"]
[Round "1"]
[White "Schön, Florian"]
[Black "Nguyen, Jenny Ha-Linh"]
[Result "1-0"]
[Termination "normal"]
[Board "13.2"]
[WhiteElo "1100"]
[BlackElo "817"]
[WhiteTeam "BSG Grün-Weiß Leipzig 1"]
[BlackTeam "BSG Grün-Weiß Leipzig 2"]
[PlyCount "49"]
[WhiteFideId "16259394"]
[BlackFideId "16209729"]
[EventCountry "GER"]
[EventRounds "7"]
[EventType "team-swiss"]
[EventDate "2015.12.27"]

1. e4 e5 2. Nf3 Nc6 3. Nc3 Nf6 4. Bc4 Bc5 5. Ng5 O-O 6. d3 h6 7. h4 d6 8. f4
Bg4 9. Qd2 Qd7 10. f5 Nd4 11. b3 Qe7 12. Bb2 Rad8 13. Nh3 Bf3 14. Ng1 Bg4 15.
Nge2 Bxe2 16. Nxe2 b6 17. O-O-O Ng4 18. Nxd4 Bxd4 19. Bxd4 exd4 20. Qf4 Ne5 21.
g4 Rc8 22. g5 hxg5 23. hxg5 c5 24. Qh4 Rcd8 25. Qh7# 1-0

[Event "DVM U10 2015"]
[Site "Magdeburg GER"]
[Date "2015.12.27"]
[Round "1"]
[White "Costa, Leonardo"]
[Black "Diederich, Greta"]
[Result "1-0"]
[Termination "normal"]
[Board "14.1"]
[WhiteElo "1584"]
[BlackElo "1142"]
[WhiteTeam "SK München Südost"]
[BlackTeam "SV Breitenworbis"]
[PlyCount "87"]
[WhiteFideId "16213955"]
[BlackFideId "12988618"]
[EventCountry "GER"]
[EventRounds "7"]
[EventType "team-swiss"]
[EventDate "2015.12.27"]

1. e4 e5 2. Nf3 Nc6 3. Bc4 Nf6 4. Nc3 d6 5. d3 Be7 6. h3 Be6 7. Bb5 O-O 8. Bg5
a6 9. Bxc6 bxc6 10. O-O h6 11. Bh4 Qd7 12. Re1 Rab8 13. Rb1 Rb7 14. d4 exd4 15.
Nxd4 c5 16. Nb3 Bxb3 17. axb3 Re8 18. Qf3 Rbb8 19. Rbd1 Qc6 20. Qg3 Nh5 21. Qg4
Nf6 22. Qf4 Nh5 23. Qg4 Nf6 24. Bxf6 Bxf6 25. Nd5 Bxb2 26. c3 Rxb3 27. Nf6+ Kf8
28. Nxe8 Qxe8 29. Rb1 Rb8 30. c4 Bd4 31. Rxb8 Qxb8 32. Qe2 Qe8 33. Qa2 Qc6 34.
Kh1 g6 35. Qd2 h5 36. f3 Kg7 37. Qa5 Kf6 38. Re2 Qd7 39. Qxa6 Qe6 40. Rc2 h4
41. Qc6 Qc8 42. Ra2 Qd8 43. Ra8 Qe7 44. Re8 1-0

[Event "DVM U10 2015"]
[Site "Magdeburg GER"]
[Date "2015.12.27"]
[Round "1"]
[White "Wehling, Linos"]
[Black "Klonov, Jakov"]
[Result "0-1"]
[Termination "normal"]
[Board "14.2"]
[WhiteElo "899"]
[BlackElo "1133"]
[WhiteTeam "SV Breitenworbis"]
[BlackTeam "SK München Südost"]
[PlyCount "57"]
[BlackFideId "16211928"]
[EventCountry "GER"]
[EventRounds "7"]
[EventType "team-swiss"]
[EventDate "2015.12.27"]

1. e4 c5 2. Nf3 Nc6 3. d3 g6 4. Nc3 Bg7 5. Bf4 Nf6 6. Nb5 d6 7. Be2 a6 8. Nc3
O-O 9. O-O Bg4 10. Ng5 Bxe2 11. Qxe2 Nd4 12. Qd1 h6 13. Nf3 Nxf3+ 14. Qxf3 Qd7
15. a3 Qg4 16. Qxg4 Nxg4 17. h3 Nf6 18. e5 dxe5 19. Bxe5 Rfc8 20. Rac1 c4 21.
dxc4 Rxc4 22. Rfd1 e6 23. Bd6 Rd8 24. Rd3 Rc6 25. Rcd1 Ne8 26. Ne4 Bf8 27. Bxf8
Rxd3 28. cxd3 Kxf8 29. Rd2 {nicht weiter nachvollziehbar} 0-1

[Event "DVM U10 2015"]
[Site "Magdeburg GER"]
[Date "2015.12.27"]
[Round "1"]
[White "Glok, David"]
[Black "Conradi, Bennet"]
[Result "1-0"]
[Termination "normal"]
[Board "14.3"]
[WhiteElo "996"]
[BlackElo "863"]
[WhiteTeam "SK München Südost"]
[BlackTeam "SV Breitenworbis"]
[PlyCount "42"]
[WhiteFideId "16226224"]
[EventCountry "GER"]
[EventRounds "7"]
[EventType "team-swiss"]
[EventDate "2015.12.27"]

1. e4 e5 2. Nf3 Nc6 3. Bc4 Be7 4. Nc3 Nf6 5. d3 O-O 6. O-O d6 7. Bg5 Bg4 8. h3
Bh5 9. g4 Bg6 10. Nd5 Nxd5 11. Bxe7 Ndxe7 12. Ng5 Nd4 13. c3 Ne6 14. Bxe6 fxe6
15. Nxe6 Qd7 16. Nxf8 Rxf8 17. Qb3+ Bf7 18. Qxb7 Rc8 19. Qxa7 Nc6 20. Qa4 Rb8
21. b4 Qe8 {nicht weiter nachvollziehbar} 1-0

[Event "DVM U10 2015"]
[Site "Magdeburg GER"]
[Date "2015.12.27"]
[Round "1"]
[White "Linnekuhl, Pascal"]
[Black "Huber, Jakob"]
[Result "1-0"]
[Termination "normal"]
[Board "14.4"]
[WhiteElo "873"]
[BlackElo "851"]
[WhiteTeam "SV Breitenworbis"]
[BlackTeam "SK München Südost"]
[PlyCount "89"]
[BlackFideId "16226070"]
[EventCountry "GER"]
[EventRounds "7"]
[EventType "team-swiss"]
[EventDate "2015.12.27"]

1. e4 e6 2. Nf3 b6 3. Be2 Bb7 4. Nc3 Nf6 5. d3 d6 6. Be3 Nbd7 7. O-O Be7 8. Qe1
O-O 9. Rd1 Qe8 10. Nb5 Qc8 11. c4 a6 12. Nc3 c5 13. d4 cxd4 14. Bxd4 Bc6 15.
Bd3 e5 16. Be3 Qb7 17. Bd2 Nc5 18. Qe2 Nxd3 19. Qxd3 Nxe4 20. Nxe4 Bxe4 21. Qe3
Rac8 22. b3 d5 23. Nxe5 dxc4 24. bxc4 Bxg2 25. Rfe1 f6 26. Nd3 Bf3 27. Rc1 Bc5
28. Nxc5 Rxc5 29. Bb4 Re5 30. Qd4 Rxe1+ 31. Rxe1 Rc8 32. Be7 Re8 33. Qe3 Bg2
34. Qe6+ Kh8 35. Qf7 Rg8 36. Rd1 Bh3 37. Qd5 Qxd5 38. Rxd5 Be6 39. Rd6 Bxc4 40.
Rxb6 Re8 41. Rc6 Bb5 42. Rc7 Bc4 43. Rxc4 Rxe7 44. Rc8+ Re8 45. Rxe8# 1-0

[Event "DVM U10 2015"]
[Site "Magdeburg GER"]
[Date "2015.12.27"]
[Round "1"]
[White "Niemann, Leon"]
[Black "Rosenhain, Jonathan"]
[Result "1/2-1/2"]
[Termination "normal"]
[Board "15.1"]
[WhiteElo "1090"]
[BlackElo "1222"]
[WhiteTeam "Hannover 96"]
[BlackTeam "Schachpinguine Berlin 2"]
[PlyCount "71"]
[WhiteFideId "16218388"]
[BlackFideId "16212169"]
[EventCountry "GER"]
[EventRounds "7"]
[EventType "team-swiss"]
[EventDate "2015.12.27"]

1. c4 c5 2. Nc3 Nc6 3. g3 Nf6 4. Bg2 e6 5. e3 Be7 6. Nf3 O-O 7. d4 d5 8. cxd5
Nxd5 9. Nxd5 exd5 10. dxc5 Bxc5 11. O-O Be6 12. Bd2 d4 13. exd4 Nxd4 14. Bc3
Nxf3+ 15. Bxf3 Rb8 16. Be5 Bh3 17. Re1 Qxd1 18. Raxd1 Bb4 19. Bxb8 Bxe1 20.
Bxb7 Rxb8 21. Rxe1 h6 22. Re7 Rd8 23. Re1 Rd2 24. b3 Rxa2 25. Bd5 Rd2 26. Bc4
a5 27. Rc1 Kf8 28. Re1 g6 29. Bf1 Bxf1 30. Kxf1 Rb2 31. Re3 Kg7 32. Kg2 Kf6 33.
g4 Kg5 34. h3 Kf6 35. Kg3 Rc2 36. Kg2 1/2-1/2